<?xml version="1.0" encoding="UTF-8"?>
<record
    xmlns:xsi="http://www.w3.org/2001/XMLSchema-instance"
    xsi:schemaLocation="http://www.loc.gov/MARC21/slim http://www.loc.gov/standards/marcxml/schema/MARC21slim.xsd"
    xmlns="http://www.loc.gov/MARC21/slim">

  <leader>00841nam a2200265Ia 4500</leader>
  <controlfield tag="001">9570</controlfield>
  <controlfield tag="003">GE_BSU</controlfield>
  <controlfield tag="008">181216s||||||||xx |||||||||||||| ||und||</controlfield>
  <datafield tag="020" ind1=" " ind2=" ">
    <subfield code="a">9785970414415</subfield>
  </datafield>
  <datafield tag="040" ind1=" " ind2=" ">
    <subfield code="c">GE_BSU</subfield>
  </datafield>
  <datafield tag="080" ind1=" " ind2=" ">
    <subfield code="a">577(075.8)+544</subfield>
  </datafield>
  <datafield tag="100" ind1=" " ind2=" ">
    <subfield code="a">&#x411;&#x435;&#x43B;&#x44F;&#x435;&#x432;,&#x410;.&#x41F;. &#x41A;&#x443;&#x447;&#x443;&#x43A;,&#x412;. &#x415;&#x432;&#x441;&#x442;&#x440;&#x430;&#x442;&#x43E;&#x432;&#x430; &#x41A;.&#x418;....</subfield>
  </datafield>
  <datafield tag="245" ind1=" " ind2=" ">
    <subfield code="a">&#x424;&#x438;&#x437;&#x438;&#x447;&#x435;&#x441;&#x43A;&#x430;&#x44F; &#x438; &#x43A;&#x43E;&#x43B;&#x43B;&#x43E;&#x438;&#x434;&#x43D;&#x430;&#x44F; &#x445;&#x438;&#x43C;&#x438;&#x44F;</subfield>
  </datafield>
  <datafield tag="245" ind1=" " ind2=" ">
    <subfield code="b">&#x443;&#x447;&#x435;&#x431;&#x43D;&#x438;&#x43A;</subfield>
  </datafield>
  <datafield tag="245" ind1=" " ind2=" ">
    <subfield code="c">&#x41F;&#x43E;&#x434; &#x440;&#x435;&#x434;.&#x43F;&#x440;&#x43E;&#x444;. &#x410;.&#x41F;.&#x411;&#x435;&#x43B;&#x44F;&#x435;&#x432;&#x430;</subfield>
  </datafield>
  <datafield tag="260" ind1=" " ind2=" ">
    <subfield code="a">&#x41C;&#x43E;&#x441;&#x43A;&#x432;&#x430;</subfield>
  </datafield>
  <datafield tag="260" ind1=" " ind2=" ">
    <subfield code="b">&#x413;&#x42D;&#x41E;&#x422;&#x410;&#x420;-&#x41C;&#x435;&#x434;&#x438;&#x44F;</subfield>
  </datafield>
  <datafield tag="260" ind1=" " ind2=" ">
    <subfield code="c">2010</subfield>
  </datafield>
  <datafield tag="300" ind1=" " ind2=" ">
    <subfield code="a">704&#x441;&#x442;&#x440;.&#x438;&#x43B;.21&#x441;&#x43C;.</subfield>
  </datafield>
  <datafield tag="541" ind1=" " ind2=" ">
    <subfield code="h">300&#x43B;.</subfield>
  </datafield>
  <datafield tag="653" ind1=" " ind2=" ">
    <subfield code="a">&#x424;&#x438;&#x437;&#x438;&#x447;&#x435;&#x441;&#x43A;&#x430;&#x44F; &#x438; &#x43A;&#x43E;&#x43B;&#x43B;&#x43E;&#x438;&#x434;&#x43D;&#x430;&#x44F; &#x445;&#x438;&#x43C;&#x438;&#x44F;</subfield>
  </datafield>
  <datafield tag="653" ind1=" " ind2=" ">
    <subfield code="a">&#x10E4;&#x10D8;&#x10D6;&#x10D8;&#x10D9;&#x10E3;&#x10E0;&#x10D8; &#x10D3;&#x10D0; &#x10D9;&#x10DD;&#x10DA;&#x10DD;&#x10D8;&#x10D3;&#x10E3;&#x10E0;&#x10D8; &#x10E5;&#x10D8;&#x10DB;&#x10D8;&#x10D0;</subfield>
  </datafield>
  <datafield tag="653" ind1=" " ind2=" ">
    <subfield code="a">&#x10E5;&#x10D8;&#x10DB;&#x10D8;&#x10D0;</subfield>
  </datafield>
  <datafield tag="942" ind1=" " ind2=" ">
    <subfield code="c">BK</subfield>
  </datafield>
  <datafield tag="999" ind1=" " ind2=" ">
    <subfield code="c">42862</subfield>
    <subfield code="d">42862</subfield>
  </datafield>
  <datafield tag="952" ind1=" " ind2=" ">
    <subfield code="0">0</subfield>
    <subfield code="1">0</subfield>
    <subfield code="4">0</subfield>
    <subfield code="7">0</subfield>
    <subfield code="9">53548</subfield>
    <subfield code="d">2018-12-17</subfield>
    <subfield code="p">32668</subfield>
    <subfield code="r">2018-12-17</subfield>
    <subfield code="w">2018-12-17</subfield>
    <subfield code="y">BK</subfield>
  </datafield>
</record>
